| 000 | 00500nam a2200157 i 4500 | ||
|---|---|---|---|
| 001 | 56629 | ||
| 003 | ES-MaACL | ||
| 005 | 20230906163420.0 | ||
| 007 | t| | ||
| 008 | 031010s1966 sp ||||1| spa d | ||
| 245 | 0 | 0 |
_aDinámica socio-urbana de una capital _b: Vitoria 1950-1964 / _cJosé Manuel López de Juan Abad ... [et al.]. |
| 260 |
_a[Vitoria : _bEragraf, _c1966] |
||
| 300 |
_a215 p. ; _c30 cm. |
||
| 700 | 1 |
_aLópez de Juan Abad, José Manuel. _973550 |
|
| 852 |
_aES-MaACL _jC-30092 _bR.60427 |
||
| 999 |
_c56629 _d56629 |
||